|
|
|
|
| LEADER |
00000cam a2200000 7i4500 |
| 001 |
0000003358 |
| 005 |
20050824.0 |
| 020 |
0 |
0 |
|a 9837202580
|
| 090 |
0 |
0 |
|a 153.42
|b DEB
|
| 100 |
1 |
0 |
|a De Bono, Edward, ,
|d 1933-
|
| 245 |
1 |
0 |
|a Kursus 5 hari berfikir
|c Edward De Bono
|
| 260 |
0 |
0 |
|a Kuala Lumpur :
|b Golden Books Centre, ,
|c 2001
|
| 300 |
|
|
|a viii,163ms. :
|b il. ;
|c 18cm.
|
| 500 |
0 |
0 |
|a Terjemahan dari: The 5-day course in thinking.- London: McQuiaig Group, 1967
|
| 650 |
0 |
0 |
|a Creative thinking
|
| 650 |
0 |
0 |
|a Problem solving
|
| 740 |
0 |
2 |
|a Kursus lima hari berfikir
|
| 999 |
|
|
|a 0000006350
|b Monograph
|c Open Shelf
|e Default branch
|